Love, power and revenge : two stories from Shakespeare (Record no. 311025)

MARC details
000 -LEADER
fixed length control field 00288nam a2200097Ia 4500
082 ## - DEWEY DECIMAL CLASSIFICATION NUMBER
Classification number J 822.33 LEVI
008 - FIXED-LENGTH DATA ELEMENTS--GENERAL INFORMATION
fixed length control field 210817s9999 xx 000 0 und d
100 ## - MAIN ENTRY--PERSONAL NAME
Personal name LEVIN, Nicole Cape Town, 2009
9 (RLIN) 84636
245 #0 - TITLE STATEMENT
Title Love, power and revenge : two stories from Shakespeare
942 ## - ADDED ENTRY ELEMENTS
item type Books
Holdings
Withdrawn status Lost status Damaged status Not for loan Home library Current library Date acquired Cost, normal purchase price Total Checkouts Barcode Date last seen Price effective from item type
        Cassim Park Public Library Cassim Park Public Library 19.08.2021 199.00   33228024403386 19.08.2021 19.08.2021 Books